000 00630nam a2200229Ia 4500
005 20250508165139.0
008 008 250505s9999 xx 000 0 eng d
020 _a978-0-415-80411-0
037 _aTextBook
040 _aFEDL
_beng
_cFEDL
041 _aeng
_2eng
084 _a375.000 1, PIN/R
_qFEDL
100 _aPinar William F.
_9322237
245 0 _aWhat is curriculum theory?
250 _a2
260 _aLondon, UK
_bRoutledge
_c2012
300 _axviii,274p.
365 _aGBP
_b25.99
490 _aStudies in Curriculum Theory
942 _cTB
_h375.000 1, PIN/R
999 _c1393424
_d1393424